000 00392 a2200157 4500
001 178430
020 _a
040 _cMagnum
100 _aCosta, Margaret Gomes da
240 1 0 _aO bicho-folhagem / tatu-bola, tatu-galinha
_lpor
245 1 0 _aO bicho-folhagem / tatu-bola, tatu-galinha
362 0 _a1998
440 1 _aArmazém de Idéias
697 _aLITERATURA INFANTO
942 _cBK
999 _c178430
_d178430